LEADER 01349cam0-2200397---450 001 990009326790403321 005 20170530122021.0 010 $a978-88-15-13455-4 035 $a000932679 035 $aFED01000932679 035 $a(Aleph)000932679FED01 035 $a000932679 100 $a20110304d2010----km-y0itay50------ba 101 0 $aita 102 $aIT 105 $ay-------001yy 200 1 $a<>Europa delle donne$ela politica di pari opportunitą nella storia dell'integrazione europea$e(1957-2007)$fFederica Di Sarcina 210 $aBologna$cIl mulino$d2010 215 $a357 p.$d22 cm 225 1 $aFonti e studi sul federalismo e sull'integrazione europea$iRicerche di storia 225 1 $aCollana del Centro interdipartimentale di ricerca sull'integrazione europea, Universitą degli studi di Siena 610 0 $aLavoro delle donne$aPaesi della Comunitą economica europea$a1957-2007 676 $a331.4094$v22$zita 676 $a344.01133 700 1$aDi Sarcina,$bFederica$0510333 801 0$aIT$bUNINA$gREICAT$2UNIMARC 901 $aBK 912 $a990009326790403321 952 $aII F 287$b46031$fFSPBC 952 $aX B 44$b7705$fDDCIC 952 $a344.01 DIS 1$bDIP.FIL. 6813$fFLFBC 959 $aDDCIC 959 $aFLFBC 959 $aFSPBC 996 $aEuropa delle donne$9766077 997 $aUNINA LEADER 01181cam0-22003851i-450 001 990002866430403321 005 20210708134402.0 010 $a88-348-6080-2 035 $a000286643 035 $aFED01000286643 035 $a(Aleph)000286643FED01 035 $a000286643 100 $a20000920d1996----km-y0itay50------ba 101 0 $aita 102 $aIT 105 $ay-------001yy 200 1 $a<>fondi pensione$eil loro contributo allo sviluppo dei mercati finanziari e all'avvento della democrazia economica$fLorenzo Gai 210 $aTorino$cGiappichelli$d1996 215 $axiv, 255 p.$d24 cm 225 1 $aUniversitą degli Studi di Firenze. Dipartimento di Scienze Aziendali. Economia degli Intermediari finanziari-Monografie$v2 610 0 $aFondi pensione 676 $a332.67254$v20$zita 676 $a346.4508637$v20$zita 700 1$aGai,$bLorenzo$0116714 801 0$aIT$bUNINA$gRICA$2UNIMARC 901 $aBK 912 $a990002866430403321 952 $a21-N-134$b9118$fDDCP 952 $a1-5-48-RA$b5598$fECA 959 $aDDCP 959 $aECA 996 $aFondi pensione$9415378 997 $aUNINA DB $aGEN01 DB $aING01 LEADER 02834oam 22004574a 450 001 9910524849103321 005 20230726222758.0 010 $a0-8195-3094-8 035 $a(CKB)5590000000001697 035 $a(OCoLC)1193314714 035 $a(MdBmJHUP)muse92003 035 $a(oapen)https://directory.doabooks.org/handle/20.500.12854/88632 035 $a(oapen)doab88632 035 $a(EXLCZ)995590000000001697 100 $a20681126d1968 uy 0 101 0 $aeng 135 $aur|||||||nn|n 181 $ctxt$2rdacontent 182 $cc$2rdamedia 183 $acr$2rdacarrier 200 10$aAdolphe Appia$eProphet of the Modern Theatre, A Profile /$fby Walther R. Volbach 205 $a[1st ed.] 210 $cWesleyan University Press$d1968 210 1$aMiddletown, Conn.,$cWesleyan University Press$d[1968] 210 4$d©[1968] 215 $a1 online resource (xviii, 242 p.) $cillus., coat of arms, facsims., map, plans, ports 311 08$a0-8195-7789-8 320 $aBibliography: p. 220-232. 330 $aIn the complex art of theatrical design and production, the first decades of this century saw no more original or lastingly influential innovator than Adolphe Appia (1862?1928). Partly through his startling stage designs, more perhaps through his published writings and personal contacts with men of the theatre throughout Europe, his ideas and theories wrought a revolution whose effects are everywhere today. Yet the details of his work and the extent of his influence have heretofore had no proper recognition or even complete recording. Concentrating on Appia's aesthetic ideas, writings, and professional accomplishments, this book traces his career from early days as a music student in his native Geneva, Paris, and Germany through his association with Houston Stewart Chamberlain and the Bayreuth circle, his exchanges with Gordon Craig, his work with Jaques-Dalcroze at Hellerau, and his crowning production (for Toscanini) of Tristan at La Scala, to his declining years and death in 1928. The arrangement is topical rather than chronological. Throughout, the growth of Appia's theories and the steps in his career are shown in relation to the cultural milieu, especially the theatre, of his place and time. His personality and character too become evident: and thus one comes to know a man of genius who, though reserved with strangers, commanded the devoted respect of those who worked with him most closely. 606 $aTheatre studies$2bicssc 610 $aTheatre studies 615 7$aTheatre studies 676 $a792/.025/0924 676 $aB 700 $aVolbach$b Walther R$g(Walther Richard),$f1897-$0316638 801 0$bMdBmJHUP 801 1$bMdBmJHUP 906 $aBOOK 912 $a9910524849103321 996 $aAdolphe Appia$92676780 997 $aUNINA